Cincinnati Reds in the National Baseball Hall of Fame - Statistics

General Stats
  • This quiz has been taken 559 times
  • The average score is 5 of 9
Answer Stats
Position/Year Inducted Name % Correct
Catcher/1989 Johnny Bench
97%
Shortstop/2012 Barry Larkin
89%
Second Base/1990 Joe Morgan
88%
First Base/2000 Tony Perez
70%
Right Field/1982 Frank Robinson
59%
Catcher/1986 Ernie Lombardi
29%
Center Field/1962 Edd Roush
10%
Pitcher/1963 Eppa Rixey
9%
Manager/1962 Bill McKechnie
8%
No matching quizzes found
Score Distribution
Percent of People with Each Score
Percentile by Number Answered
Your Score History
You have not taken this quiz